[Event "ICS rated blitz match"]
[Site "204.178.125.65"]
[Date "1999.09.02"]
[Round "?"]
[White "Nicy"]
[Black "Hossa"]
[Result "1/2-1/2"]
[WhiteElo "2204"]
[BlackElo "2550"]
[PlyCount "174"]
[EventDate "1999.??.??"]

1. d4 Nf6 2. Bg5 Ne4 3. Bf4 e6 4. Nd2 Nxd2 5. Qxd2 d5 6. e3 Be7 7. Bd3 c5 8. c3
Nc6 9. Nf3 cxd4 10. exd4 O-O 11. O-O Kh8 12. Ne5 Bd6 13. Rae1 Bb8 14. Qe3 Bxe5
15. Bxe5 Nxe5 16. Qxe5 h6 17. f4 Qb6 18. Re2 Qd8 19. Rf3 Qa5 20. Rg3 f6 21. Qh5
Qc7 22. Qg6 f5 23. Rh3 Qxf4 24. Ree3 Qg4 25. Qxg4 fxg4 26. Rh4 Bd7 27. Re5 g3
28. hxg3 Rf6 29. Rf4 Raf8 30. Rxf6 gxf6 31. Re1 Rg8 32. Kf2 b5 33. Kf3 a5 34.
a3 a4 35. Kf4 Rg5 36. Re2 h5 37. Re1 Kg7 38. Re2 Rg4+ 39. Kf3 Kf7 40. Re1 Bc6
41. Rh1 Rg5 42. Re1 e5 43. Bc2 e4+ 44. Kf2 Kg6 45. Re3 Kg7 46. Re1 Kh6 47. Rh1
Bd7 48. Rh4 Bf5 49. Bd1 Bg4 50. Bxg4 Rxg4 51. Rxg4 hxg4 52. Ke2 Kg5 53. Kd2 f5
54. Ke2 Kg6 55. Ke3 Kf6 56. Kf4 Kg7 57. Ke3 Kf7 58. Kf4 Ke6 59. Ke3 Kd7 60. Kf4
Kc6 61. Ke3 Kb6 62. Kf4 Kc7 63. Ke3 Kc6 64. Kf4 Kd6 65. Ke3 Ke7 66. Kf4 Kf6 67.
Ke3 Ke6 68. Kf4 Kf7 69. Ke3 Ke8 70. Kf4 Kd8 71. Ke3 Kc7 72. Kf4 Kd7 73. Ke3 Kd6
74. Kf4 Ke7 75. Ke3 Kf8 76. Kf4 Kg8 77. Ke3 Kg7 78. Kf4 Kh8 79. Ke3 Kh7 80. Kf4
Kh6 81. Ke3 Kg6 82. Kf4 Kh5 83. Ke3 Kh6 84. Kf4 Kh7 85. Ke3 Kh6 86. Kf4 Kh7 87.
Ke3 87... Kh6 {Game drawn by repetition} 1/2-1/2

[Event "ICS rated blitz match"]
[Site "204.178.125.65"]
[Date "1999.09.01"]
[Round "?"]
[White "Nicy"]
[Black "Hossa"]
[Result "1/2-1/2"]
[WhiteElo "2172"]
[BlackElo "2531"]
[PlyCount "120"]
[EventDate "1999.??.??"]

1. d4 f5 2. Bg5 h6 3. Bh4 g5 4. Bg3 Nf6 5. e3 d6 6. c4 h5 7. h4 g4 8. Bd3 Nc6
9. a3 e5 10. d5 Ne7 11. Qc2 e4 12. Be2 Bg7 13. Nc3 Ng6 14. Bd1 Nd7 15. Nge2
Nde5 16. Bxe5 Nxe5 17. Nf4 Bd7 18. Be2 Bf6 19. g3 Bg7 20. Rb1 Rb8 21. b4 Rc8
22. O-O Bf6 23. Kg2 Nf3 24. Bxf3 gxf3+ 25. Kh2 Be5 26. Ng6 Qf6 27. Nxe5 dxe5
28. c5 Qf8 29. Rbd1 Qe7 30. Rd2 Qf6 31. Rfd1 Qa6 32. Qb2 Qg6 33. d6 Qg7 34.
dxc7 Rxc7 35. Nd5 Rc6 36. Nc3 Be6 37. Nb5 a6 38. Nd6+ Kf8 39. a4 Kg8 40. Rc1
Rh6 41. b5 axb5 42. axb5 Rc7 43. c6 bxc6 44. Rxc6 Ra7 45. b6 Ra8 46. b7 Rb8 47.
Qb6 Qf8 48. Nxe4 fxe4 49. Rxe6 Rxb7 50. Rxh6 Rxb6 51. Rxb6 Qc8 52. Rdb2 Qc1 53.
Rb1 Qd2 54. R6b2 Qd3 55. Rb8+ Kf7 56. R8b7+ Kg8 57. Rb8+ Kf7 58. R8b7+ Kg8 59.
Rb8+ Kf7 60. R8b7+ 60... Kg8 {Game drawn by repetition} 1/2-1/2

[Event "ICS rated blitz match"]
[Site "204.178.125.65"]
[Date "1999.10.15"]
[Round "?"]
[White "Njall"]
[Black "Hossa"]
[Result "0-1"]
[WhiteElo "2222"]
[BlackElo "2445"]
[PlyCount "74"]
[EventDate "1999.??.??"]

1. d4 d5 2. c4 e6 3. Nc3 Nf6 4. Nf3 Be7 5. Bf4 Nc6 6. e3 Nh5 7. Bg3 O-O 8. a3
Na5 9. c5 Rb8 10. Ne5 Nxg3 11. hxg3 f6 12. Qh5 fxe5 13. Qxh7+ Kf7 14. dxe5 Rg8
15. Bd3 Nb3 16. Rd1 Kf8 17. Qh5 Bxc5 18. Rh4 Ke7 19. Bh7 Rf8 20. Qg5+ Kd7 21.
Qxg7+ Qe7 22. Rg4 Rf7 23. Nxd5 exd5 24. Rxd5+ Kc6 25. Rxc5+ Kxc5 26. Rc4+ Kxc4
27. Bg8 Be6 28. Bxf7 Qxf7 29. Qg5 Qh7 30. Qf4+ Kd5 31. Qb4 Qb1+ 32. Ke2 Qxb2+
33. Kf3 a5 34. e4+ Kxe5 35. Qe1 Rf8+ 36. Ke3 Qd4+ 37. Ke2 37... Bc4# {
Njall checkmated} 0-1

[Event "ICS rated blitz match"]
[Site "204.178.125.65"]
[Date "1999.10.15"]
[Round "?"]
[White "Njall"]
[Black "Hossa"]
[Result "0-1"]
[WhiteElo "2237"]
[BlackElo "2430"]
[PlyCount "116"]
[EventDate "1999.??.??"]

1. d4 d5 2. c4 e6 3. Nc3 Nf6 4. Nf3 Be7 5. Bf4 Nc6 6. e3 Nh5 7. Bg3 O-O 8. a3
Na5 9. c5 Rb8 10. Ne5 Nxg3 11. hxg3 f6 12. Qh5 fxe5 13. Qxh7+ Kf7 14. Qh5+ g6
15. Qh7+ Ke8 16. Qxg6+ Kd7 17. dxe5 Rh8 18. Rxh8 Qxh8 19. f4 Qe8 20. Qxe8+ Kxe8
21. b4 Nc4 22. Kf2 a5 23. Bxc4 dxc4 24. Rh1 b6 25. Ne4 axb4 26. axb4 bxc5 27.
Rh8+ Bf8 28. bxc5 Rb2+ 29. Kg1 c3 30. Nxc3 Bb7 31. Kf1 Rc2 32. Na4 Bxg2+ 33.
Ke1 Bc6 34. Rh7 Bxa4 35. Rxc7 Bxc5 36. g4 Bb4+ 37. Kf1 Bb5+ 38. Kg1 Rxc7 39. f5
Rc5 40. Kf2 exf5 41. gxf5 Rxe5 42. Kf3 Rxf5+ 43. Ke4 Bc5 44. Kxf5 Bxe3 45. Ke5
Bc6 46. Kd6 Bf3 47. Ke5 Ke7 48. Kf5 Kd6 49. Kf6 Be4 50. Kf7 Bg5 51. Ke8 Bg6+
52. Kf8 Bh6+ 53. Kg8 Ke6 54. Kh8 Bf5 55. Kg8 Kf6 56. Kh8 Kg6 57. Kg8 Be6+ 58.
Kh8 58... Bg7# {Njall checkmated} 0-1

[Event "ICS rated blitz match"]
[Site "204.178.125.65"]
[Date "1999.09.12"]
[Round "?"]
[White "Njall"]
[Black "Hossa"]
[Result "1/2-1/2"]
[WhiteElo "2288"]
[BlackElo "2483"]
[PlyCount "128"]
[EventDate "1999.??.??"]

1. d4 f5 2. c4 Nc6 3. Nf3 Nf6 4. g3 e6 5. Bg2 Bb4+ 6. Nbd2 O-O 7. O-O d5 8.
cxd5 exd5 9. a3 Bd6 10. b4 Ne4 11. e3 a5 12. b5 Na7 13. a4 Re8 14. Ba3 Nc3 15.
Qc2 Bb4 16. Bxb4 axb4 17. Nb3 c6 18. bxc6 Nxc6 19. Nc5 b6 20. Nd3 Ba6 21. Rfc1
Rc8 22. Nfe5 Nxe5 23. dxe5 Ne4 24. Qd1 Rxc1 25. Rxc1 Bxd3 26. Qxd3 Rxe5 27.
Bxe4 Rxe4 28. Rd1 g6 29. Qxd5+ Qxd5 30. Rxd5 b3 31. Rb5 Rxa4 32. Rxb6 Ra1+ 33.
Kg2 Rb1 34. Rb7 h5 35. h4 Rb2 36. Kf3 Kf8 37. e4 fxe4+ 38. Kxe4 Rxf2 39. Rxb3
Kg7 40. Rf3 Re2+ 41. Kd3 Re5 42. Kd4 Ra5 43. Ke4 g5 44. hxg5 Kg6 45. Rf4 Kxg5
46. Kf3 Ra3+ 47. Kg2 Re3 48. Kh3 Re2 49. Ra4 Re5 50. Rc4 Rd5 51. Rb4 Rc5 52.
Rd4 Rb5 53. Rc4 Rb3 54. Rc5+ Kg6 55. Rc4 Rf3 56. Kh4 Rf5 57. Rc6+ Kg7 58. Ra6
Kh7 59. Rb6 Kg7 60. Rc6 Re5 61. Rd6 Rf5 62. Rc6 Re5 63. Ra6 Rf5 64. Rc6 64...
Re5 {Game drawn by repetition} 1/2-1/2

[Event "ICS rated blitz match"]
[Site "204.178.125.65"]
[Date "1999.10.11"]
[Round "?"]
[White "Njall"]
[Black "Hossa"]
[Result "0-1"]
[WhiteElo "2231"]
[BlackElo "2437"]
[PlyCount "132"]
[EventDate "1999.??.??"]

1. d4 Nf6 2. c4 e6 3. Nc3 Bb4 4. f3 d5 5. a3 Bxc3+ 6. bxc3 Nbd7 7. cxd5 exd5 8.
e3 c5 9. Bd3 Rb8 10. Ne2 O-O 11. O-O Re8 12. Ra2 b5 13. Ng3 Qb6 14. Raf2 Ba6
15. Re1 cxd4 16. cxd4 b4 17. axb4 Bxd3 18. Qxd3 Qxb4 19. Bd2 Qb2 20. e4 Rb3 21.
Qa6 Qxd4 22. Nf5 Qb6 23. Qxb6 axb6 24. exd5 Rxe1+ 25. Bxe1 Nxd5 26. Rd2 N5f6
27. Bh4 h5 28. Ne7+ Kh8 29. Nd5 Ng8 30. Kf2 Ne5 31. Bd8 b5 32. Ne3 Nc4 33. Nxc4
bxc4 34. Rc2 Rb4 35. Ke3 Nh6 36. Kd4 Nf5+ 37. Kc5 Rb8 38. Bg5 Rc8+ 39. Kb4 Nd4
40. Rxc4 Nc2+ 41. Kc3 Rxc4+ 42. Kxc4 Ne1 43. Kd4 Nxg2 44. Kd3 f6 45. Bc1 g5 46.
Ke4 Kg7 47. Kf5 Nh4+ 48. Ke6 Nxf3 49. h3 Kg6 50. Bb2 g4 51. hxg4 hxg4 52. Bxf6
g3 53. Bd8 Nd4+ 54. Kd5 g2 55. Bb6 g1=Q 56. Bxd4 Qh1+ 57. Kc5 Qe4 58. Kc4 Kf5
59. Kc5 Ke6 60. Kc4 Qd5+ 61. Kc3 Kf5 62. Kd3 Kf4 63. Kc3 Ke4 64. Bf2 Qd3+ 65.
Kb4 Qd2+ 66. Kc4 66... Qxf2 {Njall resigns} 0-1

[Event "ICS rated blitz match"]
[Site "204.178.125.65"]
[Date "1999.10.11"]
[Round "?"]
[White "Njall"]
[Black "Hossa"]
[Result "0-1"]
[WhiteElo "2248"]
[BlackElo "2420"]
[PlyCount "126"]
[EventDate "1999.??.??"]

1. d4 Nf6 2. c4 e6 3. Nc3 Bb4 4. f3 d5 5. a3 Bxc3+ 6. bxc3 O-O 7. cxd5 exd5 8.
e3 Bf5 9. Ne2 Nbd7 10. g4 Be6 11. Ng3 c6 12. Bd3 c5 13. Kf2 Qa5 14. Bd2 h6 15.
h4 Rac8 16. g5 c4 17. Bc2 Ne8 18. gxh6 gxh6 19. e4 dxe4 20. fxe4 Nef6 21. Nf5
Bxf5 22. exf5 h5 23. Rg1+ Kh8 24. Rg5 Ng4+ 25. Rxg4 hxg4 26. Qxg4 Nf6 27. Qg5
Rc6 28. Rg1 Rg8 29. Qh6+ Nh7 30. Rxg8+ Kxg8 31. Qh5 Qxa3 32. Be4 Rf6 33. Qg4+
Kf8 34. Qg3 Qb2 35. Ke3 Qb6 36. Qb8+ Ke7 37. Ke2 a5 38. Bg5 Nxg5 39. hxg5 Qb2+
40. Kf1 Qc1+ 41. Kf2 Qxg5 42. Qxb7+ Kf8 43. Qa8+ Kg7 44. Qxa5 Qf4+ 45. Bf3 Rxf5
46. Qa8 Qd2+ 47. Kg3 Qxc3 48. Qe4 Qxf3+ 49. Qxf3 Rxf3+ 50. Kxf3 f5 51. Kf4 Kf6
52. Ke3 Ke6 53. Kf4 c3 54. Ke3 f4+ 55. Kd3 f3 56. Kxc3 f2 57. Kd3 f1=Q+ 58. Ke4
Qf5+ 59. Ke3 Kd5 60. Kd2 Kxd4 61. Ke2 Qf4 62. Ke1 Kd3 63. Kd1 63... Qf1# {
Njall checkmated} 0-1

[Event "ICS rated blitz match"]
[Site "204.178.125.65"]
[Date "1999.09.17"]
[Round "?"]
[White "Njall"]
[Black "Hossa"]
[Result "0-1"]
[WhiteElo "2245"]
[BlackElo "2470"]
[PlyCount "90"]
[EventDate "1999.??.??"]

1. d4 e6 2. c4 c5 3. d5 exd5 4. cxd5 Ne7 5. Nc3 Ng6 6. Nf3 Be7 7. e4 O-O 8. Bd3
d6 9. h3 f5 10. O-O fxe4 11. Bxe4 Bf5 12. Re1 Nh4 13. Bxf5 Rxf5 14. Nxh4 Bxh4
15. Be3 Nd7 16. Qg4 g6 17. Rad1 Ne5 18. Qe2 Qf8 19. Rf1 a6 20. a4 Re8 21. Qc2
Nc4 22. Ne4 Nxe3 23. fxe3 Qe7 24. Rxf5 gxf5 25. Nf2 Bxf2+ 26. Qxf2 Qxe3 27. Rf1
f4 28. Qxe3 fxe3 29. Re1 Kg7 30. Kf1 Re4 31. Ke2 Rxa4 32. Kxe3 Rd4 33. g4 Rxd5
34. Rf1 Re5+ 35. Kd3 Kg6 36. Rf8 h6 37. Rg8+ Kf6 38. Rb8 Re7 39. Rf8+ Rf7 40.
Re8 Rh7 41. Kc4 Re7 42. Rh8 Re3 43. Rxh6+ Ke5 44. Rh5+ Ke4 45. Rh6 45... b5# {
Njall checkmated} 0-1

[Event "ICS rated blitz match"]
[Site "204.178.125.65"]
[Date "1999.10.12"]
[Round "?"]
[White "Njall"]
[Black "Hossa"]
[Result "0-1"]
[WhiteElo "2240"]
[BlackElo "2426"]
[PlyCount "66"]
[EventDate "1999.??.??"]

1. d4 Nf6 2. c4 e6 3. Nc3 Bb4 4. f3 d5 5. a3 Bxc3+ 6. bxc3 O-O 7. cxd5 exd5 8.
e3 Bf5 9. Ne2 Nbd7 10. g4 Be6 11. Ng3 c6 12. Bd3 c5 13. Kf2 Qa5 14. Bd2 h6 15.
h4 Rac8 16. g5 c4 17. Bc2 Ne8 18. gxh6 gxh6 19. e4 dxe4 20. fxe4 Nef6 21. Nf5
Bxf5 22. exf5 h5 23. Rg1+ Kh8 24. Rg5 Ng4+ 25. Kg3 Ndf6 26. Qf3 Rb8 27. Bf4
Rbe8 28. Kh3 b5 29. Rg1 Rg8 30. Rg3 Qxa3 31. Be5 Rxg5 32. Bxf6+ Rg7 33. d5
33... Nxf6 {Njall resigns} 0-1

[Event "ICS rated blitz match"]
[Site "204.178.125.65"]
[Date "1999.09.12"]
[Round "?"]
[White "Njall"]
[Black "Hossa"]
[Result "1-0"]
[WhiteElo "2288"]
[BlackElo "2483"]
[PlyCount "119"]
[EventDate "1999.??.??"]

1. d4 f5 2. c4 Nc6 3. Nf3 Nf6 4. g3 e6 5. Bg2 Bb4+ 6. Bd2 Bxd2+ 7. Nbxd2 d6 8.
O-O O-O 9. a3 Bd7 10. Qc2 e5 11. dxe5 dxe5 12. e4 fxe4 13. Nxe4 Bg4 14. Rfe1
Bxf3 15. Bxf3 Nd4 16. Qd1 Nxf3+ 17. Qxf3 Qd4 18. Nxf6+ Rxf6 19. Qd5+ Kh8 20.
Qxd4 exd4 21. Re7 Rc6 22. b3 Rd8 23. Rd1 h6 24. Rd3 a5 25. a4 Kh7 26. f4 Kg6
27. Kf2 Kf6 28. Re5 b6 29. Kf3 Kf7 30. Ke4 Rcd6 31. h4 c5 32. g4 Re6 33. Rxe6
Kxe6 34. f5+ Kd6 35. g5 Re8+ 36. Kf4 Rh8 37. g6 Rf8 38. Rd1 Kd7 39. h5 Re8 40.
f6 gxf6 41. Kf5 Re3 42. Kxf6 Rxb3 43. Kg7 Re3 44. Kxh6 Re6 45. Kh7 Re7+ 46. g7
Kd6 47. h6 Kc6 48. Kh8 Kd6 49. g8=Q Kd7 50. h7 Kc7 51. Rf1 d3 52. Rf7 Kd7 53.
Rxe7+ Kxe7 54. Kg7 b5 55. cxb5 d2 56. Qd5 d1=Q 57. Qxd1 Ke6 58. h8=Q c4 59.
Qhh5 Ke7 60. Qe5# {Hossa checkmated} 1-0

[Event "ICS rated blitz match"]
[Site "204.178.125.65"]
[Date "1999.09.12"]
[Round "?"]
[White "Njall"]
[Black "Hossa"]
[Result "0-1"]
[WhiteElo "2258"]
[BlackElo "2504"]
[PlyCount "96"]
[EventDate "1999.??.??"]

1. d4 Nf6 2. c4 g6 3. Nc3 Bg7 4. e4 d6 5. Be2 O-O 6. Nf3 e5 7. O-O Bg4 8. dxe5
dxe5 9. Qxd8 Rxd8 10. Bg5 Nbd7 11. Rfd1 Nc5 12. Bxf6 Bxf6 13. b4 Nd7 14. Nd5 c6
15. Nxf6+ Nxf6 16. Bd3 a5 17. b5 cxb5 18. cxb5 Bxf3 19. gxf3 Rd4 20. Bc2 Rc8
21. Bb3 b6 22. Kf1 Rc5 23. Rxd4 exd4 24. Rd1 Rxb5 25. Rxd4 Kg7 26. Ke2 Rh5 27.
f4 Rxh2 28. e5 Ng4 29. Kf3 Nh6 30. Rd7 Rh3+ 31. Kg2 Rh4 32. Kf3 Kf8 33. Rb7 Rh5
34. Rxb6 Rh3+ 35. Kg2 Rh4 36. Kf3 Rh3+ 37. Ke4 Rc3 38. Rb5 a4 39. Bd5 a3 40.
Rb3 Rxb3 41. Bxb3 Ke7 42. Kd5 Ng4 43. f3 Ne3+ 44. Ke4 Nf5 45. Bd1 h5 46. Kd3 h4
47. Ke2 h3 48. Kf2 48... Ne3 {Njall resigns} 0-1

[Event "ICS rated blitz match"]
[Site "204.178.125.65"]
[Date "1999.10.12"]
[Round "?"]
[White "Njall"]
[Black "Hossa"]
[Result "1-0"]
[WhiteElo "2224"]
[BlackElo "2442"]
[PlyCount "84"]
[EventDate "1999.??.??"]

1. d4 Nf6 2. c4 e6 3. Nc3 Bb4 4. f3 d5 5. a3 Bxc3+ 6. bxc3 O-O 7. e3 c6 8. cxd5
cxd5 9. Bd3 b6 10. Ne2 Ba6 11. Bb1 Bxe2 12. Qxe2 Nc6 13. e4 Rc8 14. e5 Nd7 15.
O-O Qh4 16. g3 Qh3 17. f4 Na5 18. Bd2 Nb3 19. Ra2 Nxd2 20. Qxd2 Rc4 21. f5 Rfc8
22. Rf3 R4c7 23. Ra1 a5 24. Bc2 Kh8 25. Raf1 b5 26. fxe6 fxe6 27. Bd3 Rb7 28.
Rf7 h6 29. Re7 Nc5 30. Rxb7 Nxb7 31. Bxb5 Kg8 32. Bd3 Nd8 33. Qf4 Qxf1+ 34.
Bxf1 Rxc3 35. Qd2 Rxa3 36. Qb2 Rf3 37. Qb6 Rf8 38. Qxa5 g6 39. Bh3 Re8 40. Qc7
h5 41. Bf1 Nf7 42. Bb5 42... Ra8 {Hossa resigns} 1-0

[Event "ICS rated blitz match"]
[Site "204.178.125.65"]
[Date "1999.09.22"]
[Round "?"]
[White "Nouri"]
[Black "Hossa"]
[Result "0-1"]
[WhiteElo "1842"]
[BlackElo "1933"]
[PlyCount "66"]
[EventDate "1999.??.??"]

1. e4 e6 2. d4 d5 3. exd5 exd5 4. Nf3 Bd6 5. Be2 Ne7 6. O-O O-O 7. Nc3 c6 8.
Ng5 f6 9. Nf3 Re8 10. Bd3 Bg4 11. h3 Bf5 12. Bxf5 Nxf5 13. Bd2 Nd7 14. Re1 Qb6
15. Be3 Nxe3 16. Rxe3 Rxe3 17. fxe3 Qxb2 18. Qe1 Bg3 19. Qb1 Qxc3 20. a4 Re8
21. Qc1 Rxe3 22. Rb1 Rxf3 23. gxf3 Qxf3 24. Qd2 Bf4 25. Qg2 Be3+ 26. Kh1 Qxg2+
27. Kxg2 Nb6 28. a5 Nc4 29. Rxb7 Bxd4 30. a6 Ne3+ 31. Kf3 Nxc2 32. Rc7 Nb4 33.
Kf4 33... Be5+ {Nouri resigns} 0-1

[Event "ICS rated blitz match"]
[Site "204.178.125.65"]
[Date "1999.10.05"]
[Round "?"]
[White "OVI68"]
[Black "Hossa"]
[Result "0-1"]
[WhiteElo "2175"]
[BlackElo "2465"]
[PlyCount "60"]
[EventDate "1999.??.??"]

1. e4 c5 2. Nc3 e6 3. g3 d5 4. exd5 exd5 5. Bg2 d4 6. Nd5 Ne7 7. Nf4 Nec6 8. d3
Bd6 9. Nd5 O-O 10. Ne2 Be6 11. Nef4 Bxd5 12. Nxd5 Re8+ 13. Kf1 Na6 14. Qg4 Nab4
15. Bg5 Ne5 16. Qh4 Qa5 17. Nf6+ gxf6 18. Bxf6 Nxc2 19. Qg5+ Ng6 20. Be4 Rxe4
21. dxe4 Nxa1 22. h4 Qxa2 23. h5 Qb1+ 24. Kg2 Qxe4+ 25. f3 Qe2+ 26. Kh3 Qxf3
27. hxg6 Qxh1+ 28. Kg4 fxg6 29. Be7 h5+ 30. Qxh5 30... Qxh5# {OVI68 checkmated}
0-1

[Event "ICS rated blitz match"]
[Site "204.178.125.65"]
[Date "1999.10.15"]
[Round "?"]
[White "OVI68"]
[Black "Hossa"]
[Result "0-1"]
[WhiteElo "2128"]
[BlackElo "2374"]
[PlyCount "76"]
[EventDate "1999.??.??"]

1. e4 e5 2. Nf3 Nc6 3. Bb5 a6 4. Ba4 Nf6 5. O-O Be7 6. Bxc6 dxc6 7. d3 Bg4 8.
h3 Bxf3 9. Qxf3 O-O 10. Nd2 Bd6 11. Nc4 b5 12. Ne3 Nd7 13. Nf5 Qf6 14. Qg3 Qg6
15. Bg5 f6 16. Be3 Rad8 17. Qh2 Qe8 18. Rae1 Nc5 19. f4 Ne6 20. g3 Bc5 21. Qf2
Bd4 22. c3 Bxe3 23. Rxe3 c5 24. Qe2 Kh8 25. fxe5 fxe5 26. Ref3 Ng5 27. Re3
Nxh3+ 28. Kg2 Ng5 29. Rh1 Qc6 30. Qg4 Qg6 31. Ne7 Qf6 32. Nf5 g6 33. Rh6 gxf5
34. Rxf6 fxg4 35. Rc6 Rf3 36. Rxf3 gxf3+ 37. Kf2 Rxd3 38. Rxc5 38... Nxe4+ {
OVI68 resigns} 0-1

[Event "ICS rated blitz match"]
[Site "204.178.125.65"]
[Date "1999.09.03"]
[Round "?"]
[White "Odegaard"]
[Black "Hossa"]
[Result "0-1"]
[WhiteElo "2004"]
[BlackElo "2562"]
[PlyCount "30"]
[EventDate "1999.??.??"]

1. d4 f5 2. g3 Nf6 3. Bg2 g6 4. Nf3 Bg7 5. c4 d6 6. d5 e5 7. dxe6 Bxe6 8. Nbd2
Nc6 9. O-O O-O 10. Ng5 Qd7 11. Nxe6 Qxe6 12. Qc2 Nd4 13. Qd3 Nxe2+ 14. Kh1 Rab8
15. Re1 15... Nxg3+ {Odegaard resigns} 0-1

[Event "ICS rated blitz match"]
[Site "204.178.125.65"]
[Date "1999.10.13"]
[Round "?"]
[White "Oystein"]
[Black "Hossa"]
[Result "1/2-1/2"]
[WhiteElo "2189"]
[BlackElo "2413"]
[PlyCount "58"]
[EventDate "1999.??.??"]

1. Nf3 d5 2. g3 Nf6 3. Bg2 Nc6 4. O-O e5 5. c4 dxc4 6. Qa4 Bd7 7. Qxc4 Bd6 8.
Nc3 O-O 9. d3 Qc8 10. Bg5 Bh3 11. Bxf6 gxf6 12. Qh4 Bxg2 13. Kxg2 Be7 14. Nd5
Qd8 15. e4 Nb4 16. Nxb4 Bxb4 17. Rfd1 Bc5 18. Rac1 Qd6 19. Rc4 Rad8 20. d4 Bxd4
21. Nxd4 exd4 22. Rcxd4 Qxd4 23. Rxd4 Rxd4 24. Qxf6 Rxe4 25. Qg5+ Kh8 26. Qf6+
Kg8 27. Qg5+ Kh8 28. Qf6+ Kg8 29. Qg5+ 29... Kh8 {Game drawn by repetition}
1/2-1/2

[Event "ICS rated blitz match"]
[Site "204.178.125.65"]
[Date "1999.10.11"]
[Round "?"]
[White "Oystein"]
[Black "Hossa"]
[Result "0-1"]
[WhiteElo "2205"]
[BlackElo "2421"]
[PlyCount "76"]
[EventDate "1999.??.??"]

1. Nf3 Nf6 2. g3 d5 3. Bg2 c6 4. O-O Bg4 5. b3 Nbd7 6. Bb2 e6 7. d3 Bd6 8. c4
O-O 9. Na3 Re8 10. Nc2 e5 11. cxd5 cxd5 12. d4 Rc8 13. dxe5 Nxe5 14. Nxe5 Bxe5
15. Bxe5 Rxe5 16. Nd4 Qd7 17. Qd2 Rce8 18. e3 Bh3 19. Rfd1 Bxg2 20. Kxg2 Ne4
21. Qb2 Rh5 22. h4 Qg4 23. Rh1 Rhe5 24. Rae1 R5e7 25. Qe2 Qg6 26. Qf3 Qa6 27.
Ra1 Rc8 28. Rhd1 Rec7 29. Nf5 Qf6 30. Nd4 Qd8 31. Qf5 Rc5 32. Rf1 Nd2 33. Rfd1
Qa5 34. Qg4 Qb4 35. Qg5 Ne4 36. Qg4 Qb6 37. Nf5 Qf6 38. Nd4 38... Qxf2+ {
Oystein resigns} 0-1

[Event "ICS rated blitz match"]
[Site "204.178.125.65"]
[Date "1999.09.19"]
[Round "?"]
[White "Oystein"]
[Black "Hossa"]
[Result "0-1"]
[WhiteElo "2079"]
[BlackElo "2473"]
[PlyCount "66"]
[EventDate "1999.??.??"]

1. Nf3 Nf6 2. g3 g6 3. b4 Bg7 4. Bb2 Nc6 5. b5 Na5 6. d3 O-O 7. Bg2 a6 8. a4 c5
9. O-O d5 10. Nbd2 axb5 11. axb5 Ra7 12. Ra2 d4 13. Qa1 Nd7 14. Nc4 b6 15. Nxa5
bxa5 16. c3 e5 17. Nd2 Qb6 18. Rb1 Rd8 19. Nc4 Qe6 20. Rxa5 Rxa5 21. Qxa5 Re8
22. cxd4 cxd4 23. Ba3 Kh8 24. b6 Nb8 25. b7 Bd7 26. Nd6 Rf8 27. Bd5 Qf6 28. Ne4
Qd8 29. Bxf8 Qxa5 30. Bd6 Qxd5 31. Bxb8 Bc6 32. Bxe5 Bxe5 33. b8=Q+ 33... Bxb8
{Oystein resigns} 0-1

[Event "ICS rated blitz match"]
[Site "204.178.125.65"]
[Date "1999.10.11"]
[Round "?"]
[White "PUBCHESS"]
[Black "Hossa"]
[Result "1-0"]
[WhiteElo "2213"]
[BlackElo "2478"]
[PlyCount "81"]
[EventDate "1999.??.??"]

1. d4 d5 2. c4 e6 3. Nc3 c5 4. e3 cxd4 5. exd4 Nc6 6. Nf3 Bb4 7. Bd3 Nf6 8. O-O
dxc4 9. Bxc4 O-O 10. a3 Be7 11. Qd3 a6 12. Bd2 b5 13. Ba2 b4 14. Ne4 bxa3 15.
bxa3 Re8 16. Rad1 Nxe4 17. Qxe4 Bb7 18. Bb1 g6 19. Bc1 Rc8 20. h4 Na5 21. Qg4
Bd5 22. Ne5 Bc4 23. h5 f5 24. Qf3 Bxf1 25. hxg6 hxg6 26. Rxf1 Rb8 27. Be3 Bxa3
28. Nxg6 Qf6 29. Qh5 Nc4 30. Bg5 Qxd4 31. Rd1 Qc3 32. Rd7 Rxb1+ 33. Kh2 Bd6+
34. f4 Bxf4+ 35. Nxf4 Rh1+ 36. Kxh1 Qa1+ 37. Kh2 Qh8 38. Bh6 Qxh6 39. Qxh6 Re7
40. Rxe7 e5 41. Qg7# {Hossa checkmated} 1-0

[Event "ICS rated blitz match"]
[Site "204.178.125.65"]
[Date "1999.09.23"]
[Round "?"]
[White "PUBCHESS"]
[Black "Hossa"]
[Result "0-1"]
[WhiteElo "2202"]
[BlackElo "2429"]
[PlyCount "60"]
[EventDate "1999.??.??"]

1. d4 f5 2. Nf3 Nf6 3. g3 e6 4. Bg2 Be7 5. O-O d5 6. b3 O-O 7. Bb2 c5 8. e3 Nc6
9. Ne5 Ng4 10. c4 Ncxe5 11. dxe5 dxc4 12. bxc4 Qc7 13. Nc3 Nxe5 14. Nb5 Qb8 15.
Qb3 Nf7 16. Rad1 e5 17. Nc3 Rd8 18. Nd5 Bd6 19. f4 e4 20. Qc3 Bf8 21. Nf6+ gxf6
22. Rxd8 Nxd8 23. Qxf6 Nf7 24. Rd1 Qc7 25. Bh3 Qb6 26. Qc3 Qb4 27. Qc2 Be6 28.
Bf1 Qb6 29. Qc3 Rd8 30. Rxd8 30... Qxd8 {PUBCHESS resigns} 0-1

[Event "ICS rated blitz match"]
[Site "204.178.125.65"]
[Date "1999.09.20"]
[Round "?"]
[White "PUBCHESS"]
[Black "Hossa"]
[Result "1/2-1/2"]
[WhiteElo "2320"]
[BlackElo "2383"]
[PlyCount "131"]
[EventDate "1999.??.??"]

1. d4 Nf6 2. c4 g6 3. Nc3 d5 4. Nf3 dxc4 5. e4 c5 6. d5 Bg7 7. Bxc4 O-O 8. O-O
Bg4 9. h3 Bh5 10. g4 Nxg4 11. hxg4 Bxg4 12. Be2 f5 13. Nh2 Bh3 14. Re1 fxe4 15.
Bg4 Bxg4 16. Qxg4 Rf5 17. Rxe4 Nd7 18. Re1 Nf6 19. Qd1 Nxd5 20. Nxd5 Rxd5 21.
Qb3 b6 22. Bg5 Qd7 23. Rxe7 Qf5 24. Be3 Kh8 25. Rd1 Rxd1+ 26. Qxd1 Bxb2 27. Qf3
Qb1+ 28. Kg2 Rg8 29. Qf7 g5 30. Rxa7 Qe4+ 31. f3 Qd3 32. Ng4 Qc2+ 33. Nf2 g4
34. fxg4 Rxg4+ 35. Kf3 Rg8 36. Re7 Ba1 37. Re8 Qg6 38. Qxg6 hxg6 39. Re6 Rf8+
40. Ke4 Rf6 41. Re8+ Kg7 42. Ng4 Rd6 43. Bf4 Rd4+ 44. Ke3 g5 45. Be5+ Kf7 46.
Rb8 Rxg4 47. Rb7+ Ke6 48. Bxa1 Rb4 49. Bc3 Rb5 50. Kd3 g4 51. Kc4 Rb1 52. a4
Kd6 53. a5 Kc6 54. Rxb6+ Rxb6 55. axb6 Kxb6 56. Be5 Kc6 57. Bg3 Kb6 58. Bf4 Kc6
59. Bg3 Kb6 60. Bd6 Kc6 61. Bxc5 g3 62. Bg1 Kd6 63. Kd4 Ke6 64. Ke4 Kf6 65. Kf3
g2 66. Kxg2 {Game drawn because neither player has mating material} 1/2-1/2

[Event "ICS rated blitz match"]
[Site "204.178.125.65"]
[Date "1999.10.11"]
[Round "?"]
[White "PUBCHESS"]
[Black "Hossa"]
[Result "1/2-1/2"]
[WhiteElo "2208"]
[BlackElo "2483"]
[PlyCount "210"]
[EventDate "1999.??.??"]

1. d4 d5 2. c4 e6 3. Nc3 c5 4. e3 cxd4 5. exd4 Nc6 6. Nf3 Bb4 7. Bd3 Nf6 8. O-O
dxc4 9. Bxc4 O-O 10. a3 Be7 11. Qd3 a6 12. Bd2 b5 13. Ba2 b4 14. Ne4 bxa3 15.
bxa3 Re8 16. Rad1 Nxe4 17. Qxe4 Bb7 18. Bb1 g6 19. Bc1 Rc8 20. h4 Na5 21. Qg4
Bd5 22. Ne5 Bc4 23. h5 f5 24. Qg3 Bh4 25. Qf3 Bxf1 26. hxg6 Bb5 27. Qh5 h6 28.
Qxh6 Qe7 29. Nf7 Bxf2+ 30. Kxf2 Qf6 31. Bg5 Qg7 32. Qh4 Ba4 33. Rh1 Nc4 34. Bf6
Qxg6 35. Ne5 Nxe5 36. dxe5 Kf7 37. Qxa4 Rc7 38. Bd3 Ra8 39. Be2 Rac8 40. Bh5
Rc2+ 41. Ke3 f4+ 42. Kxf4 R8c4+ 43. Qxc4 Rxc4+ 44. Ke3 Rc3+ 45. Kd2 Rc2+ 46.
Kd1 Rxg2 47. Bxg6+ Kxg6 48. Rh8 Ra2 49. Be7 Kf5 50. Bd6 Ke4 51. Ra8 Kd3 52. Ke1
Ke3 53. Bc5+ Ke4 54. Rxa6 Kxe5 55. Kd1 Kd5 56. Bb4 e5 57. Kc1 e4 58. Kb1 Rf2
59. Rd6+ Kc4 60. Rc6+ Kd5 61. Rc3 Kd4 62. Bc5+ Kxc3 63. Bxf2 e3 64. Bxe3 Kc4
65. Bc1 Kd5 66. Kb2 Kc6 67. Kb3 Kb7 68. Kb4 Ka8 69. Kb5 Kb7 70. a4 Ka8 71. a5
Kb8 72. Be3 Ka8 73. Bb6 Kb8 74. a6 Ka8 75. a7 Kb7 76. Bc5 Ka8 77. Bb6 Kb7 78.
Bc5 Ka8 79. Bd4 Kb7 80. Bc5 Ka8 81. Bd4 Kb7 82. Be3 Ka8 83. Bd4 Kb7 84. Be3 Ka8
85. Bf2 Kb7 86. Be3 Ka8 87. Bf2 Kb7 88. Be3 Ka8 89. Bg1 Kb7 90. Bf2 Ka8 91. Bg1
Kb7 92. Bf2 Ka8 93. Be3 Kb7 94. Bd4 Ka8 95. Be3 Kb7 96. Bd4 Ka8 97. Bc5 Kb7 98.
Bb6 Ka8 99. Bg1 Kb7 100. Bf2 Ka8 101. Be3 Kb7 102. Bf2 Ka8 103. Be3 Kb7 104.
Bf2 Ka8 105. Be3 105... Kb7 {
PUBCHESS ran out of time and Hossa has no material to mate} 1/2-1/2